[Event "Memorial Romana Baka "]
[Site "Starochorzowski Dom Kultury, u"]
[Date "2016.09.20"]
[Round "6.7"]
[White "Pierzak, Rafael"]
[Black "Katolik, Kamil"]
[Result "1-0"]
[WhiteElo "2172"]
[BlackElo "1679"]
[PlyCount "101"]
[EventDate "2016.??.??"]

1. c4 e6 2. d4 Nf6 3. Nf3 d5 4. e3 Be7 5. Bd3 O-O 6. O-O Nbd7 7. Nc3 b6 8. cxd5
exd5 9. Bd2 Bb7 10. Rc1 Re8 11. Qb3 Bf8 12. Bb1 Rc8 13. Nb5 a6 14. Na7 Ra8 15.
Nc6 Bxc6 16. Rxc6 Bd6 17. Bb4 Bxb4 18. Qxb4 Ne4 19. Qb3 Nb8 20. Rcc1 Qd6 21.
Qc2 Re7 22. Ne5 f6 23. Nf3 a5 24. Nd2 g6 25. Nxe4 dxe4 26. a3 Na6 27. Ba2+ Kg7
28. Qc6 Qxc6 29. Rxc6 Rd8 30. Rfc1 Ra8 31. Bb3 f5 32. Ba4 Ra7 33. Kf1 Nb8 34.
R6c3 Kf6 35. Ke2 Rb7 36. Bb5 Ra7 37. f3 h6 38. fxe4 fxe4 39. Rf1+ Kg7 40. Rf4
Re6 41. Bc4 Re7 42. Bd5 Nd7 43. Rxe4 Rxe4 44. Bxe4 c5 45. Bc6 cxd4 46. exd4 Nf6
47. Rb3 Re7+ 48. Kd3 Ng4 49. Rxb6 Nxh2 50. Rb7 Rxb7 51. Bxb7 1-0

[Event "Memorial Romana Baka "]
[Site "Starochorzowski Dom Kultury, u"]
[Date "2016.09.20"]
[Round "6.8"]
[White "Wojkowski, Mariusz"]
[Black "Janiszewski, Maciej"]
[Result "0-1"]
[WhiteElo "1730"]
[BlackElo "2129"]
[PlyCount "50"]
[EventDate "2016.??.??"]

1. e4 d5 2. exd5 Nf6 3. d4 Bg4 4. Be2 Bxe2 5. Nxe2 Qxd5 6. Nbc3 Qxg2 7. Rg1 Qh3
8. Bf4 Qd7 9. Qd3 Nc6 10. O-O-O O-O-O 11. d5 Nb4 12. Qc4 a5 13. a3 Na6 14. b4
e5 15. Bxe5 Bd6 16. Bxd6 Qxd6 17. Nb5 Qe5 18. Nec3 axb4 19. Rge1 Qxh2 20. axb4
Qxf2 21. d6 c6 22. Na7+ Qxa7 23. Nb5 Qb6 24. d7+ Kb8 25. Qxf7 Qxb5 0-1

[Event "Memorial Romana Baka "]
[Site "Starochorzowski Dom Kultury, u"]
[Date "2016.09.20"]
[Round "6.9"]
[White "Klementys, Jerzy"]
[Black "Rak, Dariusz"]
[Result "1-0"]
[WhiteElo "1667"]
[BlackElo "1773"]
[PlyCount "111"]
[EventDate "2016.??.??"]

1. d4 Nf6 2. c4 e5 3. dxe5 Ng4 4. Nf3 Bc5 5. e3 Nc6 6. Be2 Ncxe5 7. Nbd2 d6 8.
O-O Be6 9. a3 Qf6 10. Ne4 Qg6 11. Nxc5 dxc5 12. Nxe5 Nxe5 13. Kh1 O-O 14. Qb3
Bf5 15. Qc3 Qe6 16. b3 Rad8 17. Bb2 f6 18. Rad1 b6 19. b4 cxb4 20. axb4 Be4 21.
c5 Kh8 22. b5 h5 23. f3 Bh7 24. Ba3 Rfe8 25. cxb6 cxb6 26. Rxd8 Rxd8 27. e4 Qa2
28. Re1 Rd2 29. Bf1 Bg8 30. Ra1 Rf2 31. Qe1 Qd2 32. Qxd2 Rxd2 33. Bb4 Rb2 34.
Bc3 Rb3 35. Bxe5 fxe5 36. Kg1 Be6 37. Rxa7 Rb1 38. Kf2 Rd1 39. Rb7 Rd2+ 40. Ke3
Rd6 41. Rc7 Kg8 42. Bc4 Bxc4 43. Rxc4 Kf7 44. Rc7+ Kf6 45. h4 g6 46. Rb7 Ke6
47. g3 Kf6 48. f4 Ke6 49. Rg7 Kf6 50. Rc7 Ke6 51. Rc8 Kd7 52. Rg8 Re6 53. f5
gxf5 54. exf5 Rf6 55. Ke4 Kd6 56. Rg6 1-0

[Event "Memorial Romana Baka "]
[Site "Starochorzowski Dom Kultury, u"]
[Date "2016.09.20"]
[Round "6.10"]
[White "Oborski, Artur"]
[Black "Cieraszewski, Piotr"]
[Result "1-0"]
[WhiteElo "1649"]
[BlackElo "1771"]
[PlyCount "93"]
[EventDate "2016.??.??"]

1. Nf3 d5 2. g3 g6 3. Bg2 Bg7 4. O-O Nf6 5. d3 O-O 6. Nbd2 Re8 7. e4 e5 8. c3
h6 9. Qc2 c6 10. Re1 Nbd7 11. a4 a5 12. Nb3 Rb8 13. Bd2 b6 14. Qc1 Kh7 15. Qc2
Qe7 16. exd5 Nxd5 17. Re2 Nc5 18. Nxc5 Qxc5 19. Rae1 Bf5 20. Nxe5 f6 21. Nf3
Rxe2 22. Rxe2 Nb4 23. Qb3 Nxd3 24. Nd4 Bg4 25. Re3 Ne5 26. h3 Bd7 27. Bf1 Qd5
28. Qxd5 cxd5 29. b3 Bf8 30. f4 Nf7 31. Kh2 Rd8 32. Bb5 Bxb5 33. Nxb5 Bc5 34.
Re6 Kg7 35. b4 axb4 36. cxb4 Bd6 37. Bc3 Rd7 38. Bxf6+ Kh7 39. Bc3 d4 40. Bxd4
Bxb4 41. Rxb6 Rd5 42. Rb7 Kg8 43. Rb8+ Nd8 44. Bb6 Be7 45. Bxd8 Rxd8 46. Rxd8+
Bxd8 47. Kg2 1-0

[Event "Memorial Romana Baka"]
[Site "Starochorzowski Dom Kultury, u"]
[Date "2016.09.20"]
[Round "6.11"]
[White "Zabron, Maksym"]
[Black "Muc, Zbigniew"]
[Result "1-0"]
[WhiteElo "1526"]
[BlackElo "1733"]
[PlyCount "55"]
[EventDate "2016.??.??"]

1. d4 Nf6 2. c4 e6 3. Nc3 Bb4 4. Bg5 d5 5. e3 c5 6. Nf3 Nc6 7. a3 Bxc3+ 8. bxc3
Qa5 9. Bxf6 Qxc3+ 10. Nd2 gxf6 11. cxd5 exd5 12. Rc1 Qxa3 13. Rxc5 Be6 14. g3
Rd8 15. Bg2 h5 16. h4 Qd3 17. Bf1 Qg6 18. Bb5 Rc8 19. Qc1 O-O 20. O-O Ne7 21.
Re1 Kh8 22. Kh2 Qf5 23. Kg1 Rg8 24. Bf1 Ng6 25. e4 dxe4 26. Rxf5 Rxc1 27. Rxh5+
Kg7 28. Rxc1 1-0

[Event "Memorial Romana Baka "]
[Site "Starochorzowski Dom Kultury, u"]
[Date "2016.09.20"]
[Round "6.12"]
[White "Gromada, Andrzej"]
[Black "Hryn, Zofia"]
[Result "1-0"]
[WhiteElo "1770"]
[BlackElo "1433"]
[PlyCount "73"]
[EventDate "2016.??.??"]

1. Nf3 Nf6 2. c4 c5 3. Nc3 Nc6 4. g3 b6 5. Bg2 Bb7 6. O-O g6 7. a3 Bg7 8. Rb1
d5 9. cxd5 Nxd5 10. Qb3 Nxc3 11. bxc3 O-O 12. d3 Qc7 13. Bf4 e5 14. Be3 Rfe8
15. Ng5 Na5 16. Qa2 Bxg2 17. Kxg2 c4 18. Rfd1 cxd3 19. exd3 Qc6+ 20. Kg1 Re7
21. c4 Nb7 22. Ne4 Kh8 23. Nc3 Rd8 24. Rb5 Nd6 25. Rd5 Ree8 26. Bg5 f6 27. Be3
Nb7 28. Rb1 Rxd5 29. Nxd5 e4 30. d4 Nd6 31. c5 bxc5 32. dxc5 Nf5 33. Nb4 Qc7
34. Na6 Qc6 35. Qf7 Re7 36. Rb8+ Bf8 37. Qxf8# 1-0

[Event "Memorial Romana Baka"]
[Site "Starochorzowski Dom Kultury, u"]
[Date "2016.09.20"]
[Round "6.13"]
[White "Pazdzior, Michal"]
[Black "Mostowski, Boguslaw"]
[Result "1-0"]
[WhiteElo "1664"]
[BlackElo "1758"]
[PlyCount "63"]
[EventDate "2016.??.??"]

1. e4 c5 2. Nf3 d6 3. d4 cxd4 4. Nxd4 Nf6 5. Nc3 a6 6. a4 e5 7. Nf3 Qc7 8. Bg5
Nbd7 9. Bd3 h6 10. Bh4 g5 11. Bg3 Nc5 12. Qe2 Bg4 13. h3 Bh5 14. Bc4 Rc8 15.
Nd5 Nxd5 16. Bxd5 Ne6 17. c3 Nf4 18. Bxf4 gxf4 19. g4 fxg3 20. fxg3 Be7 21. g4
Bg6 22. h4 h5 23. g5 Kf8 24. O-O Kg7 25. Rf2 Qd7 26. Nd2 Rc7 27. Kh2 Rb8 28.
Nc4 b6 29. Ne3 a5 30. Nf5+ Kh7 31. Ng3 Kg7 32. Nxh5+ 1-0

[Event "Memorial Romana Baka "]
[Site "Starochorzowski Dom Kultury, u"]
[Date "2016.09.20"]
[Round "6.14"]
[White "Hampel, Anna"]
[Black "Wirtek, Jerzy"]
[Result "1-0"]
[WhiteElo "1663"]
[BlackElo "1711"]
[PlyCount "59"]
[EventDate "2016.??.??"]

1. e4 d6 2. d4 Nf6 3. Nc3 g6 4. f4 Bg7 5. Nf3 O-O 6. Bd3 Nc6 7. O-O e5 8. dxe5
dxe5 9. f5 Nb4 10. fxg6 hxg6 11. Kh1 Nh5 12. Bg5 Qd6 13. Nb5 Qb6 14. Bc4 a6 15.
Nc3 Be6 16. Nd5 Nxd5 17. exd5 Qc5 18. dxe6 Qxc4 19. Be7 Rfe8 20. exf7+ Qxf7 21.
Bh4 Qe6 22. Ng5 Qc4 23. Qe1 Nf4 24. Bg3 Qxc2 25. Bxf4 exf4 26. Qh4 Re5 27. Qh7+
Kf8 28. Rxf4+ Rf5 29. Ne6+ Ke7 30. Qxg7+ 1-0

[Event "Memorial Romana Baka"]
[Site "Starochorzowski Dom Kultury, u"]
[Date "2016.09.20"]
[Round "6.15"]
[White "Gredka, Dominika"]
[Black "Pasieka, Marcin"]
[Result "0-1"]
[WhiteElo "1633"]
[BlackElo "1682"]
[PlyCount "114"]
[EventDate "2016.??.??"]

1. e4 e5 2. Nf3 Nc6 3. Bb5 a6 4. Ba4 Nf6 5. O-O Be7 6. Re1 b5 7. Bb3 d6 8. c3
O-O 9. h3 Na5 10. Bc2 c5 11. d4 Nd7 12. Nbd2 exd4 13. cxd4 Nc6 14. Nf1 Bf6 15.
Be3 Bb7 16. a3 Rc8 17. Rb1 cxd4 18. Bf4 Nde5 19. Ng3 g6 20. Bb3 Nxf3+ 21. Qxf3
Ne5 22. Qd1 Re8 23. Kh1 Qb6 24. Nf1 a5 25. Bg3 Nc4 26. f3 d5 27. Qd3 dxe4 28.
fxe4 Qc6 29. Nd2 Nxd2 30. Qxd2 Rxe4 31. Rxe4 Qxe4 32. Rf1 Kg7 33. Qf2 Rc6 34.
Bf4 a4 35. Qd2 axb3 36. Bh6+ Kg8 37. Re1 Qxe1+ 38. Qxe1 Re6 39. Qg3 Be5 40.
Qxb3 Bc6 41. Qb4 Bd6 42. Qa5 Bg3 43. Bd2 Kg7 44. Qb4 Bf2 45. Qc5 Be3 46. Qc1
Kg8 47. Qd1 Kg7 48. Kh2 f6 49. b4 Re5 50. Bxe3 dxe3 51. Qe2 Bd5 52. g4 Bc4 53.
Qd1 e2 54. Qe1 Rd5 55. Qg3 Rd2 56. Qe1 Rd1 57. Qg3 e1=Q 0-1

[Event "Memorial Romana Baka "]
[Site "Starochorzowski Dom Kultury, u"]
[Date "2016.09.20"]
[Round "6.16"]
[White "Orlik, Sandra"]
[Black "Jablonski, Hubert"]
[Result "1/2-1/2"]
[WhiteElo "1665"]
[BlackElo "1500"]
[PlyCount "54"]
[EventDate "2016.??.??"]

1. d4 f5 2. c4 Nf6 3. Nc3 e6 4. e3 d5 5. Bd3 c6 6. Nf3 Bd6 7. b3 O-O 8. Bb2 Ne4
9. Ne5 Nd7 10. Nxd7 Bxd7 11. O-O Qh4 12. f4 Rf6 13. Qe1 Qxe1 14. Raxe1 Be8 15.
Nxe4 fxe4 16. Be2 Bg6 17. g4 Raf8 18. h4 Be8 19. a3 Rh6 20. h5 Rhf6 21. g5 R6f7
22. Kg2 g6 23. hxg6 hxg6 24. Bg4 Bd7 25. Rh1 Rh7 26. Rxh7 Kxh7 27. cxd5 cxd5
1/2-1/2

[Event "Memorial Romana Baka "]
[Site "Starochorzowski Dom Kultury, u"]
[Date "2016.09.20"]
[Round "6.17"]
[White "Kozlinski, Marcin"]
[Black "Bobecki, Tadeusz"]
[Result "1-0"]
[WhiteElo "1589"]
[BlackElo "1785"]
[PlyCount "91"]
[EventDate "2016.??.??"]

1. c4 Nf6 2. Nc3 g6 3. g3 Bg7 4. Bg2 c6 5. Nf3 O-O 6. O-O d6 7. d4 Bg4 8. e4
Qc8 9. Qb3 Na6 10. Re1 Rb8 11. Bf4 Nh5 12. Bg5 Qd7 13. e5 h6 14. Be3 c5 15.
dxc5 Nxc5 16. Bxc5 dxc5 17. Rad1 Qe6 18. Nb5 Qb6 19. Qa3 Bh8 20. Nc3 e6 21. Nb5
Rfd8 22. h3 Bxf3 23. Qxf3 Rxd1 24. Rxd1 Bxe5 25. Rd7 Nf6 26. Rxb7 Rxb7 27. Qxb7
Qa5 28. Qc8+ Kg7 29. Qxc5 Bxb2 30. Qxa7 Qe1+ 31. Kh2 Qb4 32. a4 Qxc4 33. Nd6
Qd4 34. Qxf7+ Kh8 35. Ne8 Nxe8 36. Qxe8+ Kg7 37. Qe7+ Kh8 38. Qf8+ Kh7 39. Qf7+
Kh8 40. Qxg6 Qf6 41. Qe8+ Kg7 42. Qd7+ Kh8 43. a5 Qxf2 44. Qxe6 Bd4 45. Qxh6+
Kg8 46. h4 1-0

[Event "Memorial Romana Baka "]
[Site "Starochorzowski Dom Kultury, u"]
[Date "2016.09.20"]
[Round "6.18"]
[White "Rychlik, Bogdan"]
[Black "Hertlein, Irena"]
[Result "0-1"]
[WhiteElo "1743"]
[BlackElo "1483"]
[PlyCount "84"]
[EventDate "2016.??.??"]

1. e4 d5 2. exd5 Qxd5 3. Nc3 Qd6 4. d4 Nf6 5. Bc4 c6 6. Nge2 Bf5 7. Bf4 Qd8 8.
h3 e6 9. a3 Bd6 10. Bg5 Be7 11. g4 Bg6 12. Nf4 Nbd7 13. Qe2 Qb6 14. O-O-O O-O-O
15. h4 h6 16. Nxg6 fxg6 17. Be3 Nd5 18. Nxd5 exd5 19. Bd3 g5 20. hxg5 Bxg5 21.
Bxg5 hxg5 22. Rxh8 Rxh8 23. Bf5 Rg8 24. Qe6 Qd8 25. Qf7 Re8 26. Qxg7 Qe7 27.
Qg6 Kd8 28. c3 Nb6 29. Rh1 Nc4 30. Kb1 Qe2 31. Qxg5+ Kc7 32. Qf4+ Kb6 33. Bc2
Rg8 34. g5 Nd2+ 35. Kc1 Nc4 36. Rh7 Qe1+ 37. Bd1 Rc8 38. g6 Ka6 39. Kc2 Rg8 40.
g7 Qg1 41. Qf6 Qe1 42. Rh8 Qd2+ 0-1

[Event "Memorial Romana Baka "]
[Site "Starochorzowski Dom Kultury, u"]
[Date "2016.09.20"]
[Round "6.19"]
[White "Sowierszenko, Tomasz"]
[Black "Kaczmarski, Andrzej"]
[Result "0-1"]
[WhiteElo "1398"]
[BlackElo "1703"]
[PlyCount "42"]
[EventDate "2016.??.??"]

1. d4 Nf6 2. c4 g6 3. Nc3 d5 4. e3 Bg7 5. Nf3 O-O 6. Be2 dxc4 7. Bxc4 Nbd7 8.
Qb3 Nb6 9. Be2 Be6 10. Qc2 h6 11. Bd2 Nc4 12. O-O c6 13. b3 Nxd2 14. Nxd2 Nd5
15. Nce4 Bf5 16. Qd1 e5 17. dxe5 Bxe5 18. Rc1 Bxe4 19. Nxe4 Bxh2+ 20. Kh1 Qh4
21. f3 Bg3+ 0-1

[Event "Memorial Romana Baka"]
[Site "Starochorzowski Dom Kultury, u"]
[Date "2016.09.20"]
[Round "6.20"]
[White "Matysek, Pawel"]
[Black "Lendla, Janusz"]
[Result "1-0"]
[WhiteElo "1599"]
[BlackElo "1584"]
[PlyCount "55"]
[EventDate "2016.??.??"]

1. e4 c5 2. Nf3 d6 3. d4 cxd4 4. Nxd4 Nf6 5. Nc3 a6 6. f3 g6 7. Be3 Bg7 8. Qd2
Bd7 9. g4 Nc6 10. Nb3 Ne5 11. Be2 O-O 12. Bh6 Rc8 13. Bxg7 Kxg7 14. O-O-O Nc4
15. Bxc4 Rxc4 16. h4 b5 17. h5 Rh8 18. hxg6 hxg6 19. g5 Nh5 20. e5 Bf5 21. Nd4
Bc8 22. exd6 Qxd6 23. Rh4 Bb7 24. Qe3 Qc5 25. Ne4 Qc7 26. b3 Rc5 27. Nxc5 Qxc5
28. Ne6+ 1-0

[Event "Memorial Romana Baka "]
[Site "Starochorzowski Dom Kultury, u"]
[Date "2016.09.20"]
[Round "6.23"]
[White "Zielinski, Marcin"]
[Black "Smolka, Robert"]
[Result "0-1"]
[WhiteElo "1534"]
[BlackElo "1362"]
[PlyCount "40"]
[EventDate "2016.??.??"]

1. d4 Nf6 2. c4 e6 3. Nc3 c6 4. Bg5 Bb4 5. e3 Qa5 6. Nf3 Ne4 7. Rc1 Nxg5 8.
Nxg5 Qxg5 9. g3 Bxc3+ 10. Rxc3 d5 11. h4 Qf6 12. g4 h6 13. g5 Qe7 14. g6 f5 15.
cxd5 exd5 16. h5 Nd7 17. Bd3 Nf6 18. Qc2 O-O 19. Bxf5 Bxf5 20. Qxf5 Ne4 0-1

[Event "Memorial Romana Baka "]
[Site "Starochorzowski Dom Kultury, u"]
[Date "2016.09.20"]
[Round "6.24"]
[White "Roskowski, Stanislaw"]
[Black "Czapla, Tomasz"]
[Result "1/2-1/2"]
[WhiteElo "1415"]
[BlackElo "1204"]
[PlyCount "59"]
[EventDate "2016.??.??"]

1. d4 d5 2. c4 e6 3. e3 c5 4. dxc5 Bxc5 5. cxd5 exd5 6. Nf3 Nf6 7. Be2 O-O 8.
O-O Nc6 9. Nc3 Bf5 10. a3 Rc8 11. Bd3 Ne4 12. Bd2 Nxf2 13. Rxf2 Bxd3 14. Bc1
Be4 15. Nd4 Ne5 16. Rd2 Qg5 17. Qe2 Bxd4 18. Rxd4 Nf3+ 19. Kh1 Nxd4 20. exd4
Qg6 21. Bf4 Rfe8 22. Qd2 a6 23. Kg1 Rc4 24. g3 Qf6 25. Be5 Qf3 26. Nxe4 dxe4
27. Rf1 Qd3 28. Qf4 Rf8 29. Bxg7 Kxg7 30. Qg5+ 1/2-1/2

[Event "Memorial Romana Baka "]
[Site "Starochorzowski Dom Kultury, u"]
[Date "2016.09.20"]
[Round "6.25"]
[White "Mokrzycki, Jan"]
[Black "Kostowski, Andrzej"]
[Result "1-0"]
[WhiteElo "1707"]
[BlackElo "1609"]
[PlyCount "133"]
[EventDate "2016.??.??"]

1. Nf3 c5 2. g3 g6 3. Bg2 Bg7 4. d4 cxd4 5. Nxd4 Nc6 6. c3 Nf6 7. O-O a6 8. Bg5
O-O 9. e4 Qb6 10. Nb3 d6 11. Be3 Qc7 12. N1d2 Bg4 13. f3 Be6 14. Rc1 Ne5 15.
Qe2 Nc4 16. Nd4 Nxd2 17. Qxd2 Bd7 18. Rfd1 Ba4 19. b3 Bc6 20. Nxc6 bxc6 21. c4
Ne8 22. c5 Rc8 23. Bh3 Rd8 24. cxd6 Rxd6 25. Qf2 Rxd1+ 26. Rxd1 Nd6 27. Bb6 Qb7
28. Bc5 Qc7 29. Bf1 Ra8 30. Qd2 Nb7 31. Be3 Rd8 32. Qc2 Rxd1 33. Qxd1 a5 34.
Qc2 h5 35. Bb5 Nd8 36. Bc4 e5 37. Qf2 Qd7 38. Qd2 Qc7 39. Bf2 Bf8 40. Qe3 c5
41. Qd2 Qb6 42. Qd5 Bd6 43. Be3 Ne6 44. Bd2 Kg7 45. Bc3 a4 46. f4 axb3 47. axb3
Qb8 48. Kf2 Kh7 49. fxe5 Be7 50. h4 Qa7 51. Bd2 Bf8 52. Be3 Qa2+ 53. Qd2 Qa1
54. Bxe6 fxe6 55. Qd7+ Bg7 56. Qxe6 Qb2+ 57. Kf3 Bxe5 58. Qd7+ Bg7 59. Qd3 Bd4
60. Bxd4 cxd4 61. e5 Kg7 62. Ke4 Kf7 63. Qc4+ Ke8 64. e6 Ke7 65. Qxd4 Qg2+ 66.
Kf4 Kxe6 67. Qe4+ 1-0

[Event "Memorial Romana Baka "]
[Site "Starochorzowski Dom Kultury, u"]
[Date "2016.09.20"]
[Round "6.26"]
[White "Hertlein, Agnieszka"]
[Black "Gonsior, Pawel"]
[Result "0-1"]
[WhiteElo "1052"]
[BlackElo "1364"]
[PlyCount "88"]
[EventDate "2016.??.??"]

1. d4 d5 2. Nf3 e6 3. e3 Nf6 4. Bd3 Bd6 5. O-O O-O 6. b3 Nbd7 7. Bb2 b6 8. Nbd2
Bb7 9. Ne5 c5 10. f4 Qc7 11. Rc1 cxd4 12. exd4 Rac8 13. Qe2 Rfd8 14. a3 a6 15.
h3 b5 16. g4 Nf8 17. g5 N6d7 18. Qh5 Bxe5 19. fxe5 Ng6 20. Rf2 Ndf8 21. Rcf1
Rd7 22. Qg4 Qd8 23. h4 Qe8 24. h5 Nh8 25. g6 hxg6 26. hxg6 Nhxg6 27. Nf3 f6 28.
Nh4 f5 29. Qh5 Nxh4 30. Qxh4 Qg6+ 31. Rg2 Qh7 32. Qxh7+ Nxh7 33. Kf2 g5 34. Rh1
g4 35. Rh6 Re7 36. a4 b4 37. a5 Rcc7 38. Bc1 Nf8 39. Kg3 Rh7 40. Rgh2 Rxh6 41.
Rxh6 Rh7 42. Rf6 Rh3+ 43. Kf4 Rf3+ 44. Kg5 Nh7+ 0-1

[Event "Memorial Romana Baka"]
[Site "Chorzow"]
[Date "2016.09.20"]
[Round "6.1"]
[White "Piankov, Evgenij"]
[Black "Mucha, Piotr"]
[Result "1-0"]
[BlackElo "2161"]
[WhiteElo "2254"]
[LiveChessVersion "1.4.8"]

1. d4 {[%clk 1:30:33]} d5 {[%clk 1:30:59]} 2. c4 {[%clk 1:30:26]} c6
{[%clk 1:31:23]} 3. Nc3 {[%clk 1:29:11]} Nf6 {[%clk 1:31:39]} 4. cxd5
{[%clk 1:29:04]} cxd5 {[%clk 1:32:03]} 5. Nf3 {[%clk 1:29:23]} Nc6
{[%clk 1:32:10]} 6. Bf4 {[%clk 1:29:35]} Bg4 {[%clk 1:32:07]} 7. Ne5
{[%clk 1:26:12]} Qb6 {[%clk 1:32:16]} 8. Nxg4 {[%clk 1:07:37]} Nxg4
{[%clk 1:32:40]} 9. Nxd5 {[%clk 1:01:35]} Qa5+ {[%clk 1:32:46]} 10. Nc3
{[%clk 1:01:53]} e5 {[%clk 1:33:08]} 11. dxe5 {[%clk 1:00:03]} Bb4
{[%clk 1:27:38]} 12. Bd2 {[%clk 0:55:05]} Rd8 {[%clk 1:25:57]} 13. e3
{[%clk 0:53:04]} Bxc3 {[%clk 1:13:47]} 14. bxc3 {[%clk 0:53:19]} Ncxe5
{[%clk 1:13:39]} 15. Be2 {[%clk 0:40:01]} O-O {[%clk 1:07:41]} 16. h3
{[%clk 0:33:16]} Nf6 {[%clk 0:57:09]} 17. c4 {[%clk 0:32:42]} Qc5
{[%clk 0:47:11]} 18. Qc2 {[%clk 0:29:51]} Ne4 {[%clk 0:40:38]} 19. Bc3
{[%clk 0:23:17]} Qa3 {[%clk 0:25:30]} 20. Bxe5 {[%clk 0:20:29]} Qa5+
{[%clk 0:24:25]} 21. Bc3 {[%clk 0:20:45]} Nxc3 {[%clk 0:22:29]} 22. O-O
{[%clk 0:19:07]} Nxe2+ {[%clk 0:22:44]} 23. Qxe2 {[%clk 0:19:35]} Rd2
{[%clk 0:23:05]} 24. Qf3 {[%clk 0:19:47]} b6 {[%clk 0:15:35]} 25. a4
{[%clk 0:19:24]} Rfd8 {[%clk 0:15:45]} 26. Qc6 {[%clk 0:19:15]} h6
{[%clk 0:12:08]} 27. Qb5 {[%clk 0:19:18]} Qc3 {[%clk 0:11:38]} 28. Rac1
{[%clk 0:18:41]} Qf6 {[%clk 0:10:56]} 29. Qa6 {[%clk 0:15:05]} Ra2
{[%clk 0:05:09]} 30. Qxa7 {[%clk 0:14:18]} Rdd2 {[%clk 0:05:34]} 31. Qb8+
{[%clk 0:14:32]} Kh7 {[%clk 0:05:57]} 32. Qg3 {[%clk 0:14:56]} Rxa4
{[%clk 0:05:35]} 33. c5 {[%clk 0:15:09]} bxc5 {[%clk 0:04:57]} 34. Rxc5
{[%clk 0:15:37]} Raa2 {[%clk 0:04:33]} 35. Rc4 {[%clk 0:15:34]} Qf5
{[%clk 0:01:55]} 36. Rf4 {[%clk 0:14:17]} Qd3 {[%clk 0:01:58]} 37. Re1
{[%clk 0:11:35]} Qc3 {[%clk 0:02:06]} 38. Kh2 {[%clk 0:11:04]} f6
{[%clk 0:00:53]} 39. Rb1 {[%clk 0:10:22]} Qc6 {[%clk 0:00:53]} 40. Rf3
{[%clk 0:07:42]} Qe4 {[%clk 0:00:39]} 41. Rc1 {[%clk 0:07:40]} Qg6
{[%clk 0:00:32]} 42. Rc7 {[%clk 0:06:41]} Qg5 {[%clk 0:00:35]} 43. h4
{[%clk 0:06:14]} Qg6 {[%clk 0:00:31]} 44. Qf4 {[%clk 0:05:05]} Qd3
{[%clk 0:00:31]} 45. Rg3 {[%clk 0:05:02]} 1-0

[Event "Memorial Romana Baka"]
[Site "Chorzow"]
[Date "2016.09.20"]
[Round "6.2"]
[White "Sroka, Janusz"]
[Black "Piesik, Piotr"]
[Result "1/2-1/2"]
[BlackElo "2298"]
[WhiteElo "2026"]
[LiveChessVersion "1.4.8"]

1. e4 {[%clk 1:30:56]} g6 {[%clk 1:30:31]} 2. d4 {[%clk 1:31:09]} Bg7
{[%clk 1:30:57]} 3. Nf3 {[%clk 1:31:13]} c6 {[%clk 1:31:08]} 4. c3
{[%clk 1:31:24]} d5 {[%clk 1:27:16]} 5. Nbd2 {[%clk 1:31:35]} dxe4
{[%clk 1:23:00]} 6. Nxe4 {[%clk 1:31:47]} Bf5 {[%clk 1:23:23]} 7. Ng3
{[%clk 1:31:08]} Be6 {[%clk 1:23:16]} 8. Be2 {[%clk 1:30:50]} Nf6
{[%clk 1:21:36]} 9. O-O {[%clk 1:30:09]} O-O {[%clk 1:20:32]} 10. Re1
{[%clk 1:29:23]} Qb6 {[%clk 1:14:08]} 11. Ng5 {[%clk 1:27:28]} Bd7
{[%clk 1:07:42]} 12. Bf3 {[%clk 1:27:13]} h6 {[%clk 1:04:17]} 13. N5e4
{[%clk 1:27:27]} Nxe4 {[%clk 1:04:38]} 14. Nxe4 {[%clk 1:27:47]} Na6
{[%clk 1:04:43]} 15. a4 {[%clk 1:24:50]} Bf5 {[%clk 1:01:08]} 16. a5
{[%clk 1:18:15]} Qc7 {[%clk 0:53:08]} 17. Ng3 {[%clk 1:14:45]} Be6
{[%clk 0:53:09]} 18. Be2 {[%clk 1:14:44]} Nb8 {[%clk 0:52:48]} 19. Bd3
{[%clk 1:12:16]} Qc8 {[%clk 0:42:37]} 20. Qe2 {[%clk 1:09:30]} c5
{[%clk 0:35:36]} 21. dxc5 {[%clk 1:06:59]} Nc6 {[%clk 0:30:10]} 22. Be4
{[%clk 0:53:18]} a6 {[%clk 0:29:55]} 23. f4 {[%clk 0:24:49]} Bg4 {[%clk 0:26:06]}
24. Qc4 {[%clk 0:24:11]} e5 {[%clk 0:20:54]} 25. Rf1 {[%clk 0:14:40]} Be6
{[%clk 0:20:52]} 26. Bd5 {[%clk 0:14:45]} Bxd5 {[%clk 0:10:03]} 27. Qxd5
{[%clk 0:15:11]} Qd8 {[%clk 0:10:14]} 28. Qxd8 {[%clk 0:12:17]} Rfxd8
{[%clk 0:10:40]} 29. f5 {[%clk 0:11:56]} Rd3 {[%clk 0:10:11]} 30. fxg6
{[%clk 0:11:44]} fxg6 {[%clk 0:10:37]} 31. Ne4 {[%clk 0:11:50]} Rad8
{[%clk 0:10:29]} 32. Nf2 {[%clk 0:11:15]} R3d5 {[%clk 0:08:06]} 33. Be3
{[%clk 0:11:03]} Ne7 {[%clk 0:07:49]} 34. Ne4 {[%clk 0:07:33]} Nf5
{[%clk 0:07:54]} 35. Bf2 {[%clk 0:07:54]} h5 {[%clk 0:08:21]} 36. Rfe1
{[%clk 0:07:28]} Kf7 {[%clk 0:08:14]} 37. h3 {[%clk 0:07:18]} R5d7
{[%clk 0:05:41]} 38. Ra4 {[%clk 0:06:56]} Ke6 {[%clk 0:04:55]} 39. Rb4
{[%clk 0:07:11]} Rc8 {[%clk 0:03:40]} 40. g4 {[%clk 0:06:41]} hxg4
{[%clk 0:03:22]} 41. hxg4 {[%clk 0:07:09]} Nh6 {[%clk 0:03:24]} 42. Ng5+
{[%clk 0:05:54]} Ke7 {[%clk 0:03:43]} 43. Nf3 {[%clk 0:05:48]} Nf7
{[%clk 0:04:08]} 44. Rb6 {[%clk 0:04:36]} Rc6 {[%clk 0:04:29]} 45. Rxc6
{[%clk 0:04:18]} bxc6 {[%clk 0:04:54]} 46. Nd4 {[%clk 0:04:32]} Rc7
{[%clk 0:05:05]} 47. Bh4+ {[%clk 0:04:33]} Kd7 {[%clk 0:05:03]} 48. Nf3
{[%clk 0:04:02]} Ke6 {[%clk 0:04:41]} 49. Bg3 {[%clk 0:03:39]} Rb7
{[%clk 0:03:42]} 50. b4 {[%clk 0:03:47]} Bf6 {[%clk 0:02:56]} 51. Kg2
{[%clk 0:03:07]} Re7 {[%clk 0:02:37]} 52. c4 {[%clk 0:00:36]} Rd7
{[%clk 0:01:06]} 53. Rb1 {[%clk 0:00:42]} Bd8 {[%clk 0:01:16]} 54. Re1
{[%clk 0:00:51]} Bc7 {[%clk 0:01:25]} 55. Re4 {[%clk 0:00:50]} Rd3
{[%clk 0:01:29]} 56. Bf2 {[%clk 0:00:56]} Ra3 {[%clk 0:01:00]} 57. Be3
{[%clk 0:00:49]} Ra2+ {[%clk 0:01:14]} 58. Kg3 {[%clk 0:00:46]} Rb2
{[%clk 0:01:23]} 59. Bd2 {[%clk 0:00:39]} Rb3 {[%clk 0:01:40]} 60. Kf2
{[%clk 0:00:58]} Rb2 {[%clk 0:01:52]} 61. Ke1 {[%clk 0:01:15]} Rb1+
{[%clk 0:01:55]} 62. Ke2 {[%clk 0:01:25]} Rb2 {[%clk 0:02:20]} 63. Kd3
{[%clk 0:01:32]} Rb1 {[%clk 0:02:07]} 64. Bc3 {[%clk 0:00:49]} Rh1
{[%clk 0:02:16]} 65. Bd2 {[%clk 0:00:37]} Rh3 {[%clk 0:02:28]} 66. Ke2
{[%clk 0:00:58]} Rh1 {[%clk 0:02:52]} 67. Be3 1/2-1/2